Rediscovering Christ in Asia (Record no. 8697)

MARC details
000 -LEADER
fixed length control field 00298nam a22001337a 4500
003 - CONTROL NUMBER IDENTIFIER
control field OSt
005 - DATE AND TIME OF LATEST TRANSACTION
control field 20191106171214.0
008 - FIXED-LENGTH DATA ELEMENTS--GENERAL INFORMATION
fixed length control field 191106b ||||| |||| 00| 0 eng d
040 ## - CATALOGING SOURCE
Transcribing agency ddc
082 ## - DEWEY DECIMAL CLASSIFICATION NUMBER
Classification number 232.90
100 ## - MAIN ENTRY--PERSONAL NAME
Personal name Fernando, Kenneth
245 ## - TITLE STATEMENT
Title Rediscovering Christ in Asia
942 ## - ADDED ENTRY ELEMENTS (KOHA)
Source of classification or shelving scheme Dewey Decimal Classification
Koha item type Books

No items available.


OPAC Designed and Maintained by HMC Library Team.
Copyright © HMC Library,Greater Noida, UP.
For any Suggestions/Query Contact library via Email:libhmc@gmail.com